[Event "Mondiale Lampo FIDE 2022"]
[Site "Alma Ata"]
[Date "30.12.2022"]
[Round "15.47"]
[White "Tin, Jingyao"]
[Black "Donchenko, Alexander"]
[Result "1/2-1/2"]
[WhiteTitle ""]
[BlackTitle ""]
[WhiteElo "2562"]
[BlackElo "2636"]
[WhiteFideId "5804418"]
[BlackFideId "24603295"]
[EventDate "29.12.2022"]

1. d4 Nf6 2. c4 e6 3. Nf3 d5 4. Nc3 Bb4 5. cxd5 exd5 6. Bg5 h6 7. Bh4 Bf5 8. Qb3
Bxc3+ 9. bxc3 Nbd7 10. e3 c5 11. dxc5 O-O 12. Be2 Nxc5 13. Qb4 Rc8 14. O-O Re8
15. Rfd1 g5 16. Bg3 Nfe4 17. c4 Qb6 18. Qxb6 axb6 19. Rxd5 Nc3 20. Rxf5 Nxe2+
21. Kf1 Nc3 22. h4 N5e4 23. hxg5 hxg5 24. Be5 Rc5 25. g4 f6 26. Bxc3 Rxf5 27.
gxf5 Nxc3 28. Rc1 Nxa2 29. Rb1 Re7 30. Rxb6 Kf7 31. Nd4 Nc3 32. Ne6 Ne4 33. Ke2
Rd7 34. Rxb7 Rxb7 35. Nd8+ Ke7 36. Nxb7 Kd7 37. c5 Kc6 38. Nd6 Nxc5 39. Ne8 Nd7
40. e4 Kc5 41. Ke3 Kc4 42. f3 Kc5 43. Kd3 Ne5+ 44. Ke2 Nd7 45. Ke3 Kc4 46. Nd6+
Kc5 47. Ne8 Kc4 48. Kf2 Kd4 49. Kg3 Ke3 50. Nd6 Ne5 51. Ne8 Nd7 52. Kg4 Ne5+ 53.
Kh5 Kxf3 54. Nxf6 g4 55. Nxg4 Nxg4 56. Kg5 Ne5 57. Kf6 Kxe4 58. Ke6 Kf4 59. f6
Ke4 60. f7 Nxf7 1/2-1/2

[Event "Mondiale Lampo FIDE 2022"]
[Site "Alma Ata"]
[Date "30.12.2022"]
[Round "15.48"]
[White "Agmanov, Zhandos"]
[Black "Hovhannisyan, Robert"]
[Result "0-1"]
[WhiteTitle ""]
[BlackTitle ""]
[WhiteElo "2442"]
[BlackElo "2597"]
[WhiteFideId "13708309"]
[BlackFideId "13302507"]
[EventDate "29.12.2022"]

1. d4 d5 2. c4 c6 3. Nf3 Nf6 4. Nc3 e6 5. e3 Nbd7 6. Qc2 Bd6 7. b3 O-O 8. Be2 b6
9. O-O Bb7 10. Bb2 Qe7 11. Rfe1 Rfe8 12. e4 dxe4 13. Nxe4 Nxe4 14. Qxe4 Rad8 15.
Bd3 Nf8 16. Qg4 f6 17. Rad1 Qf7 18. Nd2 c5 19. Ne4 cxd4 20. Nxd6 Rxd6 21. Ba3
Rdd8 22. c5 bxc5 23. Bxc5 e5 24. Qh3 Ng6 25. Qh5 Bxg2 26. Bb5 Bb7 27. Bxe8 Rxe8
28. Ba3 Qd5 29. f3 Rd8 30. Bc1 Qxf3 31. Qxf3 Bxf3 32. Rd2 e4 33. Bb2 d3 34. Kf2
f5 35. Rc1 f4 36. Rc7 e3+ 37. Kxf3 exd2 38. Rxg7+ Kf8 0-1

[Event "Mondiale Lampo FIDE 2022"]
[Site "Alma Ata"]
[Date "30.12.2022"]
[Round "15.50"]
[White "Sychev, Klementy"]
[Black "Isanzhulov, Arystan"]
[Result "1-0"]
[WhiteTitle ""]
[BlackTitle ""]
[WhiteElo "2556"]
[BlackElo "2313"]
[WhiteFideId "4114060"]
[BlackFideId "13711644"]
[EventDate "29.12.2022"]

1. e4 c5 2. Nf3 e6 3. d4 cxd4 4. Nxd4 a6 5. Bd3 Bc5 6. Nb3 Ba7 7. Nc3 Nc6 8. Qg4
Qf6 9. Qg3 Nge7 10. Bf4 Ng6 11. Bd6 h5 12. h4 Nce5 13. Rf1 Ng4 14. O-O-O Bxf2
15. Qf3 Qxf3 16. gxf3 Be3+ 17. Kb1 Nf2 18. Rde1 Ba7 19. Be2 Nh3 20. f4 Bf2 21.
f5 Ne7 22. Rd1 Ba7 23. Rf3 Nf2 24. Rf1 Ng4 25. fxe6 fxe6 26. Rf7 Ng6 27. Rxg7
N4e5 28. Bxh5 Kd8 29. Bxg6 Nxg6 30. Rxg6 b5 31. Nc5 b4 32. N3a4 a5 33. Rgf6 Ke8
34. Rf8+ 1-0

[Event "Mondiale Lampo FIDE 2022"]
[Site "Alma Ata"]
[Date "30.12.2022"]
[Round "15.51"]
[White "Amin, Bassem"]
[Black "Cheng, Bobby"]
[Result "1-0"]
[WhiteTitle ""]
[BlackTitle ""]
[WhiteElo "2682"]
[BlackElo "2583"]
[WhiteFideId "10601457"]
[BlackFideId "4300033"]
[EventDate "29.12.2022"]

1. Nf3 d5 2. g3 Nc6 3. d4 Bf5 4. Bg2 Nb4 5. Na3 e6 6. O-O Be7 7. c3 Nc6 8. Qb3
Rb8 9. Ne5 Nf6 10. Qa4 O-O 11. Nxc6 bxc6 12. Qxc6 Rb6 13. Qa4 Qc8 14. b4 Ne4 15.
Nb1 h5 16. f3 Nd6 17. Nd2 h4 18. e4 Bg6 19. Qd1 hxg3 20. hxg3 dxe4 21. fxe4 Bg5
22. Qe2 Re8 23. Nb3 Qd8 24. Nc5 e5 25. d5 c6 26. a4 cxd5 27. exd5 Bxc1 28. Raxc1
Qg5 29. Qf2 Nf5 30. Ne4 Qd8 31. Rfd1 Bh7 32. a5 Rh6 33. Qxa7 Nd6 34. Nxd6 Qxd6
35. Qe3 f5 36. b5 Rf8 37. Re1 f4 38. Qxe5 Qc5+ 39. Qd4 Qxb5 40. d6 fxg3 41. d7
Qh5 42. Qd5+ Kh8 43. Qxh5 Rxh5 44. Re8 1-0

[Event "Mondiale Lampo FIDE 2022"]
[Site "Alma Ata"]
[Date "30.12.2022"]
[Round "15.52"]
[White "Hambleton, Aman"]
[Black "Vallejo Pons, Francisco"]
[Result "1/2-1/2"]
[WhiteTitle ""]
[BlackTitle ""]
[WhiteElo "2437"]
[BlackElo "2716"]
[WhiteFideId "2606577"]
[BlackFideId "2205530"]
[EventDate "29.12.2022"]

1. d4 e6 2. c4 b6 3. e4 Bb4+ 4. Bd2 Bxd2+ 5. Qxd2 d5 6. cxd5 exd5 7. exd5 Ne7 8.
Bb5+ Nd7 9. Nc3 O-O 10. d6 cxd6 11. Nge2 Bb7 12. O-O Nf6 13. Nf4 a6 14. Bd3 b5
15. a3 Ng6 16. Nxg6 hxg6 17. Rfe1 Qb6 18. Qf4 Rfe8 19. h3 Qc6 20. Qg5 Qb6 21.
Qf4 Rad8 22. Re3 Rxe3 23. fxe3 Re8 24. Rf1 b4 25. axb4 Qxb4 26. Rf2 Qb6 27. Kh2
Qc7 28. Bb1 Qe7 29. Re2 a5 30. Ba2 Ba6 31. Re1 Bd3 32. e4 Qc7 33. Re3 Ba6 34.
Nd5 Nxd5 35. Bxd5 Bb7 36. Bxb7 Qxb7 37. Qxd6 Qxb2 38. Qd7 Qb8+ 39. e5 Rd8 40.
Qa4 Qb6 41. Re4 g5 42. Rg4 g6 43. Qc4 Kg7 44. Qc3 a4 45. d5 Qb3 46. Qxb3 axb3
47. Rb4 Rxd5 48. Rxb3 Rxe5 49. Kg3 f5 50. Rb7+ Kh6 51. Kf2 Re4 52. Rb6 g4 53.
hxg4 Rxg4 54. Kf3 Kg5 55. Rb3 Rf4+ 56. Kg3 Re4 57. Kf3 Kh4 58. Rb6 Rg4 59. Rb8
f4 60. Rh8+ Kg5 61. Rb8 Rg3+ 62. Kf2 Kg4 63. Rb6 g5 64. Rb2 Rd3 65. Ra2 Kh4 66.
Ra4 Rd2+ 67. Kf1 Kg4 68. Ra3 Rc2 69. Rb3 Kf5 70. Rb5+ Kg4 71. Rb3 Rc5 72. Ra3
Re5 73. Kf2 Kh4 74. Ra4 Kg4 75. g3 Rf5 76. Kg2 Rf6 77. gxf4 Rxf4 78. Rxf4+ Kxf4
79. Kf2 g4 80. Kg2 g3 81. Kg1 Kf3 82. Kf1 g2+ 83. Kg1 Kg3 1/2-1/2

[Event "Mondiale Lampo FIDE 2022"]
[Site "Alma Ata"]
[Date "30.12.2022"]
[Round "15.53"]
[White "Dragnev, Valentin"]
[Black "Sindarov, Javokhir"]
[Result "0-1"]
[WhiteTitle ""]
[BlackTitle ""]
[WhiteElo "2556"]
[BlackElo "2654"]
[WhiteFideId "1634852"]
[BlackFideId "14205483"]
[EventDate "29.12.2022"]

1. e4 e5 2. Nf3 Nc6 3. Bb5 a6 4. Ba4 Nf6 5. O-O Nxe4 6. d4 b5 7. Bb3 d5 8. dxe5
Be6 9. Be3 Be7 10. c3 O-O 11. Nbd2 Qd7 12. Bc2 f5 13. exf6 Nxf6 14. Qb1 h6 15.
Nb3 Ng4 16. Nfd4 Qd6 17. g3 Nxe3 18. fxe3 Bg5 19. Re1 Ne5 20. Kh1 Rf2 21. Bh7+
Kh8 22. Bf5 Bxf5 23. Nxf5 Nf3 0-1

[Event "Mondiale Lampo FIDE 2022"]
[Site "Alma Ata"]
[Date "30.12.2022"]
[Round "15.54"]
[White "Muradli, Mahammad"]
[Black "Urazayev, Arystanbek"]
[Result "1-0"]
[WhiteTitle ""]
[BlackTitle ""]
[WhiteElo "2540"]
[BlackElo "2465"]
[WhiteFideId "13409301"]
[BlackFideId "13709810"]
[EventDate "29.12.2022"]

1. Nf3 d5 2. c4 e6 3. g3 Nf6 4. Bg2 Be7 5. d4 O-O 6. O-O c6 7. Nc3 a5 8. b3 b6
9. Bb2 Ba6 10. Nd2 b5 11. Rc1 bxc4 12. bxc4 Nbd7 13. c5 Rb8 14. Ba1 Qc7 15. Re1
e5 16. dxe5 Nxe5 17. Nb3 Rfd8 18. Na4 Ne4 19. Qc2 Bf6 20. Rcd1 Rb4 21. Nb6 Ng4
22. Bxe4 Rxe4 23. Bxf6 Nxf6 24. Nxa5 Rde8 25. Rd2 h5 26. Nb3 h4 27. Nd4 h3 28.
f3 R4e5 29. Kf2 Bb7 30. a4 Qe7 31. Rd3 Ba6 32. Nxc6 Ne4+ 33. fxe4 Qf6+ 34. Rf3
Qxc6 35. exd5 Qh6 36. e3 Qh5 37. c6 Rxd5 38. Nxd5 Qxd5 39. Rd1 Qe4 40. Qxe4 Rxe4
41. Rf4 Re5 42. Rc1 Rd5 43. Rd4 Rf5+ 44. Kg1 1-0

[Event "Mondiale Lampo FIDE 2022"]
[Site "Alma Ata"]
[Date "30.12.2022"]
[Round "15.55"]
[White "Adly, Ahmed"]
[Black "Gharibyan, Mamikon"]
[Result "1-0"]
[WhiteTitle ""]
[BlackTitle ""]
[WhiteElo "2596"]
[BlackElo "2480"]
[WhiteFideId "10601619"]
[BlackFideId "13308300"]
[EventDate "29.12.2022"]

1. d4 Nf6 2. Nf3 e6 3. g3 d5 4. Bg2 Be7 5. O-O O-O 6. c4 a5 7. Qc2 c6 8. Rd1 b6
9. Bf4 Ba6 10. Nbd2 Nbd7 11. Rac1 h6 12. e4 dxc4 13. Nxc4 Rc8 14. Nd6 Bxd6 15.
Bxd6 Re8 16. h3 c5 17. dxc5 bxc5 18. Ne5 Qb6 19. Nc4 Qb4 20. b3 e5 21. Bf1 Ra8
22. Bc7 Qb7 23. Bd6 Bb5 24. a4 Bc6 25. f3 Nh5 26. Kh2 f5 27. Bxc5 Nxc5 28. Nd6
Qxb3 29. Bc4+ 1-0

[Event "Mondiale Lampo FIDE 2022"]
[Site "Alma Ata"]
[Date "30.12.2022"]
[Round "15.56"]
[White "Fedorov, Alexei"]
[Black "Lintchevski, Daniil"]
[Result "1/2-1/2"]
[WhiteTitle ""]
[BlackTitle ""]
[WhiteElo "2475"]
[BlackElo "2548"]
[WhiteFideId "13500465"]
[BlackFideId "4171055"]
[EventDate "29.12.2022"]

1. e4 c5 2. d3 e6 3. f4 d5 4. Be2 dxe4 5. dxe4 Qxd1+ 6. Bxd1 b6 7. Bf3 Bb7 8.
Nh3 Nf6 9. Nf2 Nc6 10. c3 O-O-O 11. Be3 Be7 12. Nd2 Rd7 13. g4 Rhd8 14. g5 Ne8
15. O-O-O Nd6 16. Rhe1 Kb8 17. h4 a5 18. a4 Kc7 19. Bh1 Ba6 20. Bf3 Nc4 21. Nxc4
Bxc4 22. Rxd7+ Rxd7 23. Rd1 f6 24. Rxd7+ Kxd7 25. Kc2 Ba6 26. Bg4 Nd8 27. b3 Bb7
28. c4 Nf7 29. Kd3 Nd6 30. Bh3 Bc6 31. Bd2 Bb7 32. Bc3 Bc6 33. Bb2 Bb7 34. Bc3
Bc6 35. Bb2 Bb7 1/2-1/2

[Event "Mondiale Lampo FIDE 2022"]
[Site "Alma Ata"]
[Date "30.12.2022"]
[Round "15.57"]
[White "Batsuren, Dambasuren"]
[Black "Najer, Evgeniy"]
[Result "1-0"]
[WhiteTitle ""]
[BlackTitle ""]
[WhiteElo "2525"]
[BlackElo "2662"]
[WhiteFideId "4902920"]
[BlackFideId "4118987"]
[EventDate "29.12.2022"]

1. d4 Nf6 2. c4 e6 3. Bf4 Bb4+ 4. Nd2 Nh5 5. Be3 f5 6. g3 O-O 7. Bg2 Nc6 8. a3
Be7 9. d5 Ne5 10. Ngf3 f4 11. Bd4 Ng6 12. g4 Nf6 13. g5 Nh5 14. h4 c5 15. Bc3
exd5 16. cxd5 d6 17. Bh3 Bxh3 18. Rxh3 Qd7 19. Rh1 b5 20. b4 Rac8 21. Qb3 a6 22.
a4 Rce8 23. axb5 axb5 24. Ra6 Bd8 25. bxc5 dxc5 26. Rc6 c4 27. Qxb5 Ne7 28. Rc5
Qg4 29. d6 Nf5 30. d7 Re7 31. Qxc4+ Kh8 32. Rg1 Qh3 33. g6 Rxd7 34. Ng5 Bxg5 35.
Rxg5 Qh1+ 36. Nf1 Nhg3 37. fxg3 Ne3 38. Qxf4 Rd1+ 39. Kf2 Rxf4+ 40. gxf4 Rxf1+
41. Kxe3 hxg6 42. Rxg6 Qh3+ 43. Kd2 Qd7+ 44. Ke3 Qe7+ 45. Re5 Qa7+ 46. Bd4 Qa3+
47. Ke4 Kh7 48. Rxg7+ Kh6 49. Re6+ Kh5 50. Rg5+ 1-0

[Event "Mondiale Lampo FIDE 2022"]
[Site "Alma Ata"]
[Date "30.12.2022"]
[Round "15.58"]
[White "Sargissian, Gabriel"]
[Black "Tsaruk, Maksim"]
[Result "1-0"]
[WhiteTitle ""]
[BlackTitle ""]
[WhiteElo "2699"]
[BlackElo "2373"]
[WhiteFideId "13300881"]
[BlackFideId "13511173"]
[EventDate "29.12.2022"]

1. d4 Nf6 2. c4 e6 3. Nc3 d5 4. cxd5 Nxd5 5. e3 c5 6. Bd3 Nc6 7. Nf3 Be7 8. O-O
O-O 9. a3 Nxc3 10. bxc3 b6 11. Qe2 Bb7 12. Rd1 Qc7 13. e4 Rfd8 14. Be3 cxd4 15.
cxd4 Rac8 16. h4 h6 17. e5 Na5 18. Nh2 Nb3 19. Rab1 Qc3 20. Qg4 Kf8 21. Be4 Ba6
22. d5 Bc5 23. Bxh6 gxh6 24. Qf4 exd5 25. Bxd5 Rxd5 26. Rxd5 Ke8 27. Rbd1 Bb7
28. Rd7 Be7 29. Rxb7 Rd8 30. Rxe7+ 1-0

[Event "Mondiale Lampo FIDE 2022"]
[Site "Alma Ata"]
[Date "30.12.2022"]
[Round "15.59"]
[White "Zverev, Lev"]
[Black "Saraci, Nderim"]
[Result "1-0"]
[WhiteTitle ""]
[BlackTitle ""]
[WhiteElo "2310"]
[BlackElo "2468"]
[WhiteFideId "24250775"]
[BlackFideId "6351921"]
[EventDate "29.12.2022"]

1. e4 e5 2. Nf3 Nc6 3. Bc4 Bc5 4. d3 Nf6 5. O-O O-O 6. h3 h6 7. c3 d6 8. Bb3 a6
9. Nbd2 Ba7 10. Re1 Ne7 11. Nf1 Ng6 12. d4 Re8 13. Ng3 Be6 14. Bc2 c6 15. Be3
Qc7 16. Qd2 Rad8 17. Rad1 b5 18. a4 Bb6 19. axb5 axb5 20. Nf5 exd4 21. cxd4 d5
22. exd5 Bxf5 23. Bxf5 Nxd5 24. Bxg6 fxg6 25. Qc2 g5 26. Ne5 Nxe3 27. fxe3 c5
28. Qb3+ Kh7 29. Kh1 cxd4 30. exd4 Bxd4 31. Nf7 Rxe1+ 32. Rxe1 Rf8 33. Qd3+ Kg8
34. Nxh6+ gxh6 35. Qxd4 Qc6 36. b4 Rf4 37. Qd8+ Rf8 38. Qd4 Rf4 39. Qd8+ Rf8 40.
Qd2 Qc4 41. Qe3 Qf7 1-0

[Event "Mondiale Lampo FIDE 2022"]
[Site "Alma Ata"]
[Date "30.12.2022"]
[Round "15.60"]
[White "Ivic, Velimir"]
[Black "Christiansen, Johan-Sebastian"]
[Result "0-1"]
[WhiteTitle ""]
[BlackTitle ""]
[WhiteElo "2572"]
[BlackElo "2578"]
[WhiteFideId "950122"]
[BlackFideId "1512668"]
[EventDate "29.12.2022"]

1. d4 Nf6 2. c4 c5 3. d5 b5 4. cxb5 a6 5. e3 e6 6. Nc3 exd5 7. Nxd5 Be7 8. Nf3
O-O 9. bxa6 Nxa6 10. Nxe7+ Qxe7 11. Be2 d5 12. O-O Bf5 13. b3 Nb4 14. a3 Bc2 15.
Qd2 Ne4 16. axb4 Nxd2 17. Bxd2 Rxa1 18. Rxa1 Bxb3 19. bxc5 Qxc5 20. Nd4 Bc4 21.
Bf3 Rb8 22. h4 h6 23. h5 Bd3 24. Rc1 Rb1 25. Rxb1 Bxb1 26. g3 Be4 27. Be2 Qa3
28. f3 Bd3 29. Kf2 Bc4 30. g4 Qb2 31. Ke1 g6 32. f4 gxh5 33. gxh5 Qb1+ 34. Bd1
Qe4 35. Bf3 Qe7 36. Nf5 Qf6 37. Nd4 Qh4+ 38. Kd1 Qf2 39. Kc2 Qf1 40. Kb2 Qd3 41.
Kc1 Qa3+ 42. Kd1 Qa1+ 43. Kc2 Kh7 44. Bg4 Qa2+ 45. Kd1 Bd3 46. Ke1 Qb1+ 47. Bd1
Be4 48. Ke2 Qd3+ 49. Ke1 Qa3 50. Ke2 Qa6+ 51. Ke1 Qf6 52. Be2 Qh4+ 53. Kd1 Qf2
54. Kc1 Qg1+ 55. Bd1 Bd3 56. Nf3 Qf1 57. Nd4 Bc4 58. Bc3 Kg8 59. Nf5 Qd3 60.
Nxh6+ Kf8 61. Bd4 Qa3+ 62. Kd2 Qa2+ 63. Ke1 Qh2 64. Nf5 Qh1+ 65. Kd2 Qg2+ 66.
Kc1 Bd3 67. Nd6 Ke7 68. Nb7 Qa2 69. Nc5 Bh7 70. h6 Qa3+ 71. Kd2 Qa2+ 72. Ke1 Qh2
73. Bg7 f6 74. Nb3 Bd3 75. Nd4 Be4 76. Be2 Kf7 77. f5 Qg1+ 78. Kd2 Qg2 79. Ke1
Qh3 80. Kd2 Bxf5 81. Nxf5 Qxf5 82. Bd3 Qf2+ 83. Be2 Qg2 84. Kd3 Qe4+ 85. Kd2 Kg8
86. Bd3 Qg2+ 87. Be2 Qf2 88. Kd3 Qf5+ 89. Kd2 Qg5 90. Kd3 Kf7 91. Bf3 Qf5+ 92.
Ke2 Qc2+ 93. Ke1 Qc3+ 94. Ke2 Ke6 95. Bg4+ Kf7 96. Bh5+ Ke7 97. Bg6 Qc4+ 98. Bd3
Qg4+ 99. Kd2 Qg2+ 100. Kc3 Qg1 101. Kd4 Qg5 102. Be2 Kd6 103. Kd3 Kc5 104. Bf3
Qf5+ 105. Ke2 Kc4 106. Bg2 Kc3 107. Bf3 Qd3+ 108. Kf2 Kd2 109. Bxf6 Qxe3+ 110.
Kg3 Qxh6 111. Bh4 d4 112. Kg4 Qg6+ 113. Bg5+ Kc3 0-1

[Event "Mondiale Lampo FIDE 2022"]
[Site "Alma Ata"]
[Date "30.12.2022"]
[Round "15.61"]
[White "Sjugirov, Sanan"]
[Black "Zhalmakhanov, Ramazan"]
[Result "1-0"]
[WhiteTitle ""]
[BlackTitle ""]
[WhiteElo "2712"]
[BlackElo "2401"]
[WhiteFideId "4189302"]
[BlackFideId "13706357"]
[EventDate "29.12.2022"]

1. e4 c5 2. Nc3 Nc6 3. Nge2 g6 4. d4 cxd4 5. Nxd4 Bg7 6. Be3 Nf6 7. Bc4 O-O 8.
Bb3 Re8 9. O-O d6 10. h3 Na5 11. Qd2 a6 12. Bh6 b5 13. Bxg7 Kxg7 14. Rfe1 e5 15.
Nf3 Nxb3 16. axb3 Bb7 17. b4 Rc8 18. b3 Qb6 19. Rad1 Rc7 20. Nh4 h6 21. Re3 Rec8
22. Rg3 Kh7 23. Rf3 Nxe4 24. Nxe4 Bxe4 25. Rf6 Rxc2 26. Qe1 Bb7 27. Rxf7+ Kg8
28. Rf6 Kh7 29. Rdxd6 Qc7 30. Rxg6 Rc1 31. Rxh6+ Kg8 32. Rhg6+ Kh7 33. Rd1 Rxd1
34. Qxd1 Qc1 35. Rd6 Qg5 36. Rd7+ Kg8 37. Qg4 Qxg4 38. hxg4 Be4 39. Re7 Rc3 40.
Rxe5 Bd3 41. Re8+ Kf7 42. Ra8 Rxb3 43. Rxa6 1-0

[Event "Mondiale Lampo FIDE 2022"]
[Site "Alma Ata"]
[Date "30.12.2022"]
[Round "15.62"]
[White "Yudin, Sergei"]
[Black "Vetokhin, Savva"]
[Result "1-0"]
[WhiteTitle ""]
[BlackTitle ""]
[WhiteElo "2469"]
[BlackElo "2354"]
[WhiteFideId "4159659"]
[BlackFideId "44144474"]
[EventDate "29.12.2022"]

1. e4 c5 2. Nf3 e6 3. c3 d5 4. exd5 exd5 5. d4 Nf6 6. Be3 cxd4 7. Nxd4 Nc6 8.
Be2 Bd6 9. O-O O-O 10. Nd2 Re8 11. Re1 a6 12. Nf1 h6 13. Ng3 Ne5 14. Ndf5 Bf8
15. Qd4 Bxf5 16. Nxf5 Qd7 17. Ng3 Rac8 18. Qd1 Bc5 19. Bxc5 Rxc5 20. Bf1 Rcc8
21. Qd2 Nc4 22. Bxc4 dxc4 23. Qxd7 Nxd7 24. Nf5 Rcd8 25. Nd6 Rxe1+ 26. Rxe1 Nc5
27. Nxc4 b5 28. Ne3 Rd2 29. Rb1 Na4 30. Nd1 Nc5 31. Ne3 Na4 32. Nd1 Nc5 33. Kf1
Nd3 34. a3 Kf8 35. b3 Rc2 36. a4 Ke7 37. axb5 axb5 38. Ra1 Ke6 39. Ra6+ Kd7 40.
g3 Rd2 41. Ra1 Rc2 42. Kg2 g6 43. Kf3 Nc5 44. b4 Ne6 45. Ke3 1-0

[Event "Mondiale Lampo FIDE 2022"]
[Site "Alma Ata"]
[Date "30.12.2022"]
[Round "15.63"]
[White "Narayanan, Srinath"]
[Black "Savchenko, Boris"]
[Result "0-1"]
[WhiteTitle ""]
[BlackTitle ""]
[WhiteElo "2559"]
[BlackElo "2552"]
[WhiteFideId "5018420"]
[BlackFideId "4147332"]
[EventDate "29.12.2022"]

1. d4 Nf6 2. Nf3 e6 3. c4 c5 4. d5 b5 5. dxe6 fxe6 6. cxb5 d5 7. g3 Bd6 8. Bg2
a6 9. bxa6 O-O 10. O-O Bxa6 11. Nc3 Nc6 12. Re1 Bc7 13. Bg5 h6 14. Bxf6 Qxf6 15.
Rc1 Nd4 16. b3 Ba5 17. Nxd4 cxd4 18. Nxd5 Qxf2+ 19. Kh1 Qxe1+ 20. Qxe1 Bxe1 21.
Ne7+ Kf7 22. Bxa8 Rxa8 23. Nc6 Bc3 24. Kg1 Bb7 25. Ne5+ Ke7 26. a4 Bd5 27. Rf1
Bxb3 28. Rf7+ Kd6 29. Nd3 Rxa4 30. Rxg7 Bc4 31. Nf4 d3 0-1

[Event "Mondiale Lampo FIDE 2022"]
[Site "Alma Ata"]
[Date "30.12.2022"]
[Round "15.64"]
[White "Yilmaz, Mustafa"]
[Black "Bilguun, Sumiya"]
[Result "1-0"]
[WhiteTitle ""]
[BlackTitle ""]
[WhiteElo "2617"]
[BlackElo "2474"]
[WhiteFideId "6302718"]
[BlackFideId "4901541"]
[EventDate "29.12.2022"]

1. d4 d5 2. c4 e6 3. Nc3 c6 4. e3 Nf6 5. Nf3 Nbd7 6. Qc2 Bd6 7. Be2 O-O 8. O-O
Re8 9. b3 e5 10. dxe5 Nxe5 11. cxd5 cxd5 12. Nb5 Bb8 13. Bb2 Nxf3+ 14. Bxf3 a6
15. Nd4 Be6 16. Rfd1 Qc7 17. Qxc7 Bxc7 18. Rac1 Bb6 19. Ne2 Rac8 20. Rxc8 Rxc8
21. Bxf6 gxf6 22. Nf4 Rc2 23. Bxd5 Bg4 24. Bf3 Bxf3 25. gxf3 Rxa2 26. Nd5 Bc5
27. Nxf6+ Kg7 28. Ne4 Bb4 29. Rd7 b5 30. Rd4 a5 31. Rd5 Rb2 32. Rg5+ Kf8 33.
Rxb5 Rxb3 34. Kg2 a4 35. Rb7 Be7 36. Ra7 a3 37. f4 Rb2 38. f5 f6 39. Kf3 Rc2 40.
Ra8+ Kf7 41. Ra7 a2 42. Nd6+ Kf8 43. Nb5 Bb4 44. Ra8+ Ke7 45. Nd4 Rb2 46. Nc6+
Kd6 47. Nxb4 Rxb4 48. Rxa2 h5 49. Ra5 Rh4 50. Kg2 Rg4+ 51. Kf3 Rh4 52. Kg3 Rg4+
53. Kh3 Ke7 54. Ra7+ Kf8 55. Rh7 Rg6 56. e4 Rg5 57. Rh6 Kg7 58. Rg6+ Rxg6 59.
fxg6 Kxg6 60. f4 Kh6 61. Kh4 Kg6 62. f5+ Kh6 63. h3 Kh7 64. Kxh5 Kg7 65. Kg4 Kh6
66. Kf4 Kh5 67. e5 1-0

[Event "Mondiale Lampo FIDE 2022"]
[Site "Alma Ata"]
[Date "30.12.2022"]
[Round "15.65"]
[White "Narayanan, S.L."]
[Black "Suyarov, Mukhammadzokhid"]
[Result "1-0"]
[WhiteTitle ""]
[BlackTitle ""]
[WhiteElo "2669"]
[BlackElo "2299"]
[WhiteFideId "5058422"]
[BlackFideId "14210495"]
[EventDate "29.12.2022"]

1. d4 e6 2. Nf3 Nf6 3. c4 b6 4. g3 Bb7 5. Bg2 Bb4+ 6. Bd2 Be7 7. Nc3 c6 8. e4 d5
9. e5 Ne4 10. cxd5 cxd5 11. O-O O-O 12. Re1 Nxd2 13. Qxd2 Ba6 14. h4 Nc6 15. Bf1
Bxf1 16. Rxf1 Rc8 17. Rac1 a6 18. Kg2 b5 19. Ne2 Qa5 20. Qxa5 Nxa5 21. Nf4 Nc4
22. Nd3 a5 23. b3 Na3 24. Rxc8 Rxc8 25. Rc1 Nc2 26. Kf1 Ba3 27. Rd1 Nb4 28. Nxb4
Bxb4 29. Ne1 f6 30. Nd3 fxe5 31. Nxe5 Rc2 32. a4 bxa4 33. bxa4 Bd6 34. Rb1 Ra2
35. Rb6 Bxe5 36. dxe5 Kf7 37. h5 1-0

[Event "Mondiale Lampo FIDE 2022"]
[Site "Alma Ata"]
[Date "30.12.2022"]
[Round "15.66"]
[White "Petrov, Nikita"]
[Black "Suleymenov, Alisher"]
[Result "1-0"]
[WhiteTitle ""]
[BlackTitle ""]
[WhiteElo "2537"]
[BlackElo "2476"]
[WhiteFideId "4101286"]
[BlackFideId "13707833"]
[EventDate "29.12.2022"]

1. d4 Nf6 2. Bg5 g6 3. Bxf6 exf6 4. c4 Bg7 5. Nc3 f5 6. g3 O-O 7. Bg2 d6 8. e3
c6 9. Nge2 Nd7 10. O-O a5 11. Rb1 Nf6 12. a3 h5 13. h4 Ng4 14. Nf4 Re8 15. b4
axb4 16. axb4 Bd7 17. Qc2 Ra3 18. Qc1 Qa8 19. Ra1 Rxa1 20. Qxa1 Qd8 21. Qd1 Rxe3
22. fxe3 Nxe3 23. Qd3 Nxf1 24. Kxf1 Qb6 25. b5 Bxd4 26. Na4 Qa7 27. b6 Bxb6 28.
Nxb6 Qxb6 29. Qxd6 Qb1+ 30. Kf2 Qc2+ 31. Kg1 Be8 32. Qe7 Qd1+ 33. Kh2 Qd7 34.
Qe5 Kf8 35. c5 Qd2 36. Qh8+ Ke7 37. Qg7 Kd8 38. Qf6+ Kc8 39. Qe7 Qd8 40. Qe5 Bd7
41. Bf1 Qe8 42. Qd4 Qe7 43. Bc4 Kc7 44. Kg2 Be8 45. Kf2 Bd7 46. Nd3 Be8 47. Ne5
f6 48. Nf3 g5 49. Qe3 Qxe3+ 50. Kxe3 f4+ 51. gxf4 g4 52. Nd4 b6 53. Ne6+ Kb7 54.
Ng7 Bd7 55. Nxh5 1-0

[Event "Mondiale Lampo FIDE 2022"]
[Site "Alma Ata"]
[Date "30.12.2022"]
[Round "15.67"]
[White "Ansat, Aldiyar"]
[Black "Ganguly, Surya Shekhar"]
[Result "1-0"]
[WhiteTitle ""]
[BlackTitle ""]
[WhiteElo "2291"]
[BlackElo "2582"]
[WhiteFideId "13715658"]
[BlackFideId "5002150"]
[EventDate "29.12.2022"]

1. e4 e5 2. Nf3 Nc6 3. Bb5 Nf6 4. O-O Nxe4 5. Re1 Nd6 6. Nxe5 Nxe5 7. Rxe5+ Be7
8. Bf1 O-O 9. d4 Ne8 10. c4 Bf6 11. Re1 d5 12. cxd5 Qxd5 13. Be3 Bf5 14. Nc3 Qd7
15. Qb3 c6 16. d5 Bxc3 17. Qxc3 cxd5 18. Bc5 Nd6 19. Qe5 Nc4 20. Bxc4 dxc4 21.
Bxf8 Rxf8 22. Rad1 Bd3 23. h3 h6 24. Re3 f6 25. Qc5 Qa4 26. Rde1 Qxa2 27. Qd5+
Kh7 28. Rxd3 Qxb2 29. Qxc4 1-0

[Event "Mondiale Lampo FIDE 2022"]
[Site "Alma Ata"]
[Date "30.12.2022"]
[Round "15.68"]
[White "Harsha, Bharathakoti"]
[Black "Munkhdalai, Amilal"]
[Result "0-1"]
[WhiteTitle ""]
[BlackTitle ""]
[WhiteElo "2593"]
[BlackElo "2142"]
[WhiteFideId "5078776"]
[BlackFideId "4903250"]
[EventDate "29.12.2022"]

1. c4 Nf6 2. Nc3 e6 3. e4 d5 4. e5 d4 5. exf6 dxc3 6. bxc3 Qxf6 7. d4 c5 8. Nf3
h6 9. Bd3 Nc6 10. O-O Bd6 11. Qe2 Qe7 12. Re1 O-O 13. Qe4 f5 14. Qe2 Qf6 15. Bb2
Bd7 16. Rad1 Rad8 17. Qd2 Rfe8 18. Re2 e5 19. dxe5 Nxe5 20. Nxe5 Rxe5 21. Rde1
Bc6 22. Qc2 Rxe2 23. Rxe2 Bc7 24. f3 Qd6 25. Bxf5 Qxh2+ 26. Kf1 Rd1+ 27. Kf2
Qg1# 0-1